Представление документа в формате MARC21

Поле Инд. ПП Название Значение
Тип записи a
Библиографический уровень m
001 Контрольный номер db228f68e17d4071a99c36ed40295b40
005 Дата корректировки 20250421123209.8
008 Кодируемые данные 230210|||||||||ru |||||||||||||||||rus||
020 a ISBN 978-5-534-11018-0
041 0_ a Код языка текста rus
084 a Индекс другой классификации/Индекс ББК 24я7
090 a Полочн. индекс 24
x Авторский знак М 12
100 1_ a Автор Мартынова Т. В.
203 a Вид содержания Текст
c Тип средства непосредственное
245 10 a Заглавие Химия
b Продолж. заглавия учебник и практикум для СПО
c Ответственность под общей редакцией Т. В. Мартыновой
250 a Основные сведения об издании 2-е изд., испр. и доп.
260 a Место издания Москва
b Издательство Юрайт
c Дата издания 2022
300 a Объем 367, [1] с.
b Иллюстрации/ тип воспроизводства диагр.
440 _0 a Серия Профессиональное образование
504 a Библиография Библиогр.: с. 366-368
520 0_ a Аннотация В книге в логичной последовательности рассматриваются строение атомов и молекул; классификация, номенклатура и свойства неорганических соединений; основные закономерности протекания химических реакций; окислительно-восстановительные реакции и электрохимические процессы; строение и свойства кристаллической решетки и многое другое. Теоретическая часть сопровождается контрольными вопросами, примерами решения типовых задач, заданиями и тестами, что способствует выработке навыков самостоятельной работы. Учебник содержит лабораторный практикум, который является неотъемлемой частью учебного комплекса по химии. Практикум дает возможность не только лучше усвоить основные законы и понятия химии, но и проверить некоторые из них. В качестве приложений к книге даются необходимые справочные материалы. Для студентов образовательных заведений среднего профессионального образования
583 x Служебное примечание Книга доступна на образовательной платформе "Юрайт" urait.ru, а также в мобильном приложении "Юрайт.Библиотека"
650 04 a Основная рубрика Химия-Учебные издания для среднего профессионального образования
653 0_ a Ключевые слова Авогадро закон
a Ключевые слова Атомы
a Ключевые слова Закон Авогадро
a Ключевые слова Молекулы
a Ключевые слова Неорганические соединения
a Ключевые слова Полимеры
a Ключевые слова Растворы
a Ключевые слова Строение атома
a Ключевые слова Химическая кинетика
a Ключевые слова Химическая связь
a Ключевые слова Химическая реакция
a Ключевые слова Термодинамика химическая
a Ключевые слова Химия
a Ключевые слова Электрохимия
700 12 a Другие авторы Артамонова И. В.
700 12 a Другие авторы Годунов Е. Б.
900 a Имя макрообъекта Мартынов Химия
901 t Тип документа m
952 b Гриф литературы для ВШ Рекомендовано Учеб.-метод. отд. сред. проф. образования
c Вид литературы учебник